header

Currency convertibility (Record no. 194969)

MARC details
000 -LEADER
fixed length control field 01516nam a2200361Ia 4500
245 00 - TITLE STATEMENT
Title Currency convertibility
260 ## - PUBLICATION, DISTRIBUTION, ETC. (IMPRINT)
Place of publication London ;
-- New York :
Name of publisher Routledge,
Year of publication 1996.
300 ## - PHYSICAL DESCRIPTION
Number of Pages xiv, 277 p. :
Other physical details ill., maps.
490 1# - SERIES STATEMENT
Series statement Routledge explorations in economic history,
650 #0 - SUBJECT ADDED ENTRY--TOPICAL TERM
Topical Term Money
Topical Term Currency convertibility
Topical Term Gold standard
700 1# - ADDED ENTRY--PERSONAL NAME
Personal name Macedo, Jorge Braga de.
Personal name Eichengreen, Barry J.
Personal name Reis, Jaime.
856 40 - ELECTRONIC LOCATION AND ACCESS
Uniform Resource Identifier http://site.ebrary.com/lib/rucke/Doc?id=10095121

No items available.

© 2026 Rongo University
Contact us: librarian | system librarian | Rongo university